Použití metody CEA CUA pro inkrementální hodnocení výdajových programů
Metódy pre analýzu účinnosti verejných výdavkov. Použitie metódy CEA a CUA
Salvato in:
| Autore principale: | |
|---|---|
| Natura: | Capitolo di libro |
| Lingua: | ceco |
| Soggetti: | |
| Tags: |
Nessun Tag, puoi essere il primo ad aggiungerne!!
|
MARC
| LEADER | 00000naa$a2200000$$$4500 | ||
|---|---|---|---|
| 001 | 0078553 | ||
| 005 | 20221128083208.9 | ||
| 041 | 0 | |a cze | |
| 044 | |a SK | ||
| 245 | 1 | 0 | |a Použití metody CEA CUA pro inkrementální hodnocení výdajových programů |c František Ochrana |
| 520 | |a Metódy pre analýzu účinnosti verejných výdavkov. Použitie metódy CEA a CUA | ||
| 610 | 2 | 0 | |a analýza ekonomická |
| 610 | 2 | 0 | |a analýza finančná |
| 610 | 2 | 0 | |a financie verejné |
| 610 | 2 | 0 | |a výdavky verejné |
| 100 | 1 | |a Ochrana, František | |